Hradec Economic Days 2019 (Part II.) Proceedings of the International Scientific Conference: Innovation and Socio-economic Development, February 5–6, 2019, (Hradec Králové, Czech Republic)

Saved in:
Bibliographic Details
Corporate Authors: Hradec Economic Days 2019. International Scientific Conference, University of Hradec Králové. Faculty of Informatics and Management, Uniwersytet Ekonomiczny we Wrocławiu
Other Authors: Jedlička, Pavel, Marešová, Petra, Soukal, Ivan
Format: Book
Language:English
Published: Hradec Králové University of Hradec Králové 2019
Edition:1st Edition
Subjects:
Tags: Add Tag
No Tags, Be the first to tag this record!

MARC

LEADER 00000nlm a2200000 4500
001 0252849
005 20240515114859.9
020 |a 978-80-7435-736-7 
022 |a 2464-6059 
022 |a 2464-6067 
041 0 |a eng 
044 |a CZ 
245 1 0 |a Hradec Economic Days 2019 (Part II.)  |b Proceedings of the International Scientific Conference: Innovation and Socio-economic Development, February 5–6, 2019, (Hradec Králové, Czech Republic)  |c Editors: Pavel Jedlička, Petra Marešová, Ivan Soukal 
250 |a 1st Edition 
264 1 |a Hradec Králové  |b University of Hradec Králové  |c 2019 
300 |a online 600 s. 
610 2 0 |a rast hospodársky 
610 2 0 |a zamestnanosť 
610 2 0 |a politika environmentálna 
610 2 0 |a politika sociálna 
610 2 0 |a inovácia 
610 2 0 |a produkcia 
610 2 0 |a logistika 
610 2 0 |a výskum operačný 
610 2 0 |a vlastníctvo duševné 
610 2 0 |a technológia 
610 2 0 |a financie 
610 2 0 |a spotrebitelia 
610 2 0 |a globalizácia 
700 1 |a Jedlička, Pavel 
700 1 |a Marešová, Petra 
700 1 |a Soukal, Ivan 
110 2 |a Hradec Economic Days 2019. International Scientific Conference 
710 2 |a University of Hradec Králové. Faculty of Informatics and Management 
710 2 |a Uniwersytet Ekonomiczny we Wrocławiu